BUBT Library Online Catalog

Commercial correspondence & office management (Record no. 63)

000 -LEADER
fixed length control field 00620nam a22002057a 4500
003 - CONTROL NUMBER IDENTIFIER
control field BUBTL
008 - FIXED-LENGTH DATA ELEMENTS--GENERAL INFORMATION
fixed length control field 140129b xxu||||| |||| 00| 0 eng d
020 ## - INTERNATIONAL STANDARD BOOK NUMBER
International Standard Book Number 81-219-0519-2
082 ## - DEWEY DECIMAL CLASSIFICATION NUMBER
Classification number 651.75
Item number PIM
100 ## - MAIN ENTRY--PERSONAL NAME
9 (RLIN) 76
Personal name Pillai , R. S .N.
245 ## - TITLE STATEMENT
Title Commercial correspondence & office management
Statement of responsibility, etc. by R. S. N. Pillai & Bagavath.
250 ## - EDITION STATEMENT
Edition statement 6th ed.
260 ## - PUBLICATION, DISTRIBUTION, ETC. (IMPRINT)
Place of publication, distribution, etc. New Delhi,
Name of publisher, distributor, etc. S. Chand,
Date of publication, distribution, etc. c2000.
300 ## - PHYSICAL DESCRIPTION
Extent [vi] , 468p . :
Other physical details ill , 22cm .
Dimensions Management .
650 #0 - SUBJECT ADDED ENTRY--TOPICAL TERM
9 (RLIN) 39
Topical term or geographic name as entry element Management
700 ## - ADDED ENTRY--PERSONAL NAME
9 (RLIN) 1587
Personal name R. S. N. Pillai & Bagavath.
856 ## - ELECTRONIC LOCATION AND ACCESS
Password 0
Logon 0
Link text Download
942 ## - ADDED ENTRY ELEMENTS (KOHA)
Source of classification or shelving scheme
Koha item type Books
Holdings
Withdrawn status Lost status Source of classification or shelving scheme Damaged status Not for loan Collection code Permanent location Current location Shelving location Date acquired Inventory number Total Checkouts Full call number Barcode Date last seen Copy number Price effective from Koha item type
          Non-fiction Bangladesh University of Business and Technology Library Bangladesh University of Business and Technology Library Accounting Stacks 01/29/2014 81   651.75 PIM BUBTL-200381 01/29/2014 C-1 01/29/2014 Books
          Non-fiction Bangladesh University of Business and Technology Library Bangladesh University of Business and Technology Library Accounting Stacks 02/02/2014 418   651.75 PIM BUBTL-2003418 02/02/2014 C-2 02/02/2014 Books
          Non-fiction Bangladesh University of Business and Technology Library Bangladesh University of Business and Technology Library Accounting Stacks 02/02/2014 419   651.75 PIM BUBTL-2003419 02/02/2014 C-3 02/02/2014 Books
          Non-fiction Bangladesh University of Business and Technology Library Bangladesh University of Business and Technology Library Accounting Stacks 02/02/2014 420   651.75 PIM BUBTL-2003420 02/02/2014 C-4 02/02/2014 Books
          Non-fiction Bangladesh University of Business and Technology Library Bangladesh University of Business and Technology Library Accounting Stacks 02/02/2014 421   651.75 PIM BUBTL-2003421 02/02/2014 C-5 02/02/2014 Books
            Bangladesh University of Business and Technology Library Bangladesh University of Business and Technology Library   02/02/2014 422       02/02/2014   02/02/2014  

More Information About Library

Library Hours

  • Open: 9.00 am. to 9.00 pm.
  • Only Sunday: 9.00 am. to 6.00 pm.
  • Closed: Holiday

Contact to the University

Bangladesh University of Business and Technology Library

  • Mirpurl-2, 1216.
  • Phone:
  • Fax:
  • E-Mail: admin.library@bubt.edu.bd

Contact to the Library

Contact Person:

Md. Abdul Hakim Shah
Joint Librarian
PABX No:  113
Cell No: 01816332931
E-mail: official: admin.library@bubt.edu.bd
Personal: hakim.shah@bubt.edu.bd


BUBT Library

Copyright © 2021